000 00452nam a2200181Ia 4500
003 OSt
005 20230607095826.0
008 210423s1976 xx 000 0 und d
040 _cAL
041 _aeng
082 _a302.2
_223
_bUNIC
100 _aFUSSELL (Diana).
_9121141
245 _aCommunicating with pictures in nepal.
260 _aNepal
_bUnicef
_c1976
365 _cINR
906 _aCommunicating ; nepal. ; pictures
942 _2ddc
_cBK
999 _c174971
_d174971